Sans Ulysse (Record no. 14024)

MARC details
010 ## - Numéro international normalisé du livre (ISBN)
ISBN 9782487746251
Disponibilité et/ou prix 10 EUR
099 ## - Visibilité opac
notice masquée en opac Non
100 ## - Données générales de traitement
Données générales de traitement 20260220d2026 m y0frey50 ba
101 0# - Langue de la ressource
Langue du texte, de la bande son, etc. français
102 ## - Pays de publication ou de production
Pays de publication France
200 1# - Titre et mention de responsabilité
Titre propre Sans Ulysse
Indication générale du type de document Livre
214 #0 - Mentions de production, publication, diffusion et manufacture
Nom de l’éditeur Esse que éditions
Date de publication 2026
214 #3 - Mentions de production, publication, diffusion et manufacture
Nom de l’éditeur Impr. Typolibris
215 ## - Description physique
Nombre de pages 1 vol. (56 p.)
225 1# - Collection
Titre de la collection Prémisses
323 ## - Nombre de personnages
Texte de la note 4 personnages
330 ## - Résumé ou extrait
Texte de la note À sa mort, Shoshana a laissé à sa fille un manuscrit inachevé, Sans Ulysse, dont celle-ci a tenté tant bien que mal de déchiffrer les premières lignes. «Je m absente un instant, un instant seulement.» La mère avait commencé à l écrire, alors que l homme qu elle aimait, et qu elle attendait éperdument depuis dix ans, ne revenait toujours pas. Ne sachant bien comment honorer ce cadeau, la fille décide de le léguer à l Agence Nationale de la Recherche Cathartique, laboratoire itinérant chargé, selon leur propre formule, de «trouver une fin à des histoires qui n en ont pas eu». Comme une sorte d Odyssée inversée, on ne fera pas le récit de celui qui est parti, mais de celle qui est restée. De cette attente comme une aventure en soi. Dans cette pièce, la mère sera tout à la fois Pénélope et Ulysse: celle qui attend et la disparue que l on cherche à retrouver, à définir, à reconnaître.
610 ## - Mot-clé
Mot-clé Mythe
-- écriture
700 ## - Auteur principal
Nom Jaccottet
Prénom Liora
702 ## - Nom de personne - mention de responsabilité secondaire
Nom Cesari
Prénom Pascal
105 ## - Zone de données codées : textes, monographies
Données codées sur les monographies textuelles ||||z 00|||
181 #0 - Zone de données codées : Forme de la ressource
Données de liaison entre champs 01
Forme du contenu selon l’ISBD sous forme codée i
Qualificatif(s) du contenu selon l’ISBD sous forme codée xxxe
181 ## - Zone de données codées : Forme de la ressource
Données de liaison entre champs 02
Autre référentiel utilisé pour coder la forme du contenu texte
Code du référentiel rdacontent
182 #0 - Zone de données codées : type de média
Données de liaison entre champs 01
Type de médiation selon l’ISBD sous forme codée sans média
182 ## - Zone de données codées : type de média
Données de liaison entre champs 02
Autre référentiel utilisé pour coder le type de médiation sans média
Code du référentiel rdamedia
214 #0 - Mentions de production, publication, diffusion et manufacture
Lieu de publication, production, distribution/diffusion, fabrication Pantin
214 #3 - Mentions de production, publication, diffusion et manufacture
Lieu de publication, production, distribution/diffusion, fabrication 22-Saint-Brieuc cedex 9
215 ## - Description physique
Dimensions 19 cm
700 ## - Auteur principal
Eléments ajoutés aux noms autres que les dates Auteur du texte
702 ## - Nom de personne - mention de responsabilité secondaire
Eléments ajoutés aux noms autres que les dates Auteur du texte
801 #0 - Origine de la notice
Pays FR
Agence de catalogage FR-751131015
Date de la transaction 20260220
Règles de catalogage utilisées AFNOR
Identifiant d'origine FRBNF487077090000003
Code du format utilisé intermrc
856 #2 - Adresse électronique et mode d’accès
Uniform Resource Identifier 1178888
Numéro d'accès Première de couverture
856 #2 - Adresse électronique et mode d’accès
Uniform Resource Identifier 1178890
Numéro d'accès Quatrième de couverture
000 -Etiquette de la notice
Leader 02061nam a2200421 4500
003 - Identifiant de la notice
Identifiant http://catalogue.bnf.fr/ark:/12148/cb48707709h
005 - Identifiant de la version
Identifiant 20260226144600.0
073 #0 - EAN
Numéro normalisé 9782487746251

No items available.